000 00363pam a2200145a 44500
008 230405s xxu||||| |||| 00| 0 eng d
041 _aENG
100 _aHAJARE ASHOK
245 _aPRACTICAL PHARMACEUTICS (PHYSICAL PHARMACY)
250 _a1 2004
260 _aKOLHAPUR
_bMANAS PRAKASHAN KOLHAPUR
_c
300 _a229
650 _aPHARMACEUTICS
906 _a1136
999 _c266575
_d266575